Régions de France par images - Statistiques

Statistiques générales
  • Ce quiz a été pris 527 fois
  • Le résultat moyen est 11 sur 13
Statistiques - réponses
Par images Réponse % Correct
Grand Est
94%
Bretagne
93%
Normandie
91%
Auvergne - Rhône - Alpes
90%
Île de France
88%
Nouvelle Aquitaine
88%
Provence - Alpes - Côte d'Azur
88%
Centre Val de Loire
87%
Bourgogne Franche Comté
82%
Corse
82%
Occitanie
81%
Hauts de France
78%
Pays de la Loire
65%
Aucun quiz correspondant
Distribution des résultats
% des personnes avec chaque résultat
Percentile par nombre de réponses
Votre historique - résultats
Vous n’avez pas pris ce quiz